| 000 | 004620000a22001810004500 | ||
|---|---|---|---|
| 003 | MACL | ||
| 005 | 20151017125635.0 | ||
| 008 | 151017b xxu||||| |||| 00| 0 eng d | ||
| 040 |
_aMACL _cMACL |
||
| 041 | _aEnglish | ||
| 082 | _a920/MIS | ||
| 100 |
_aMishra, Bairagi Charan _915631 |
||
| 245 |
_aStory of A Struggle _bAn Autobiography |
||
| 260 |
_bRupantar _c2008 _aBhubaneswar |
||
| 350 | _a95 | ||
| 650 |
_aAutobiography _915632 |
||
| 942 |
_cBK _k920/MIS _2ddc |
||
| 999 |
_c42561 _d42561 |
||